000 01073cad a22002415a 4500
001 E154210
008 111101s2011 xxk f 000 0 eng d
020 _a9781406177800
035 _a(Sirsi) u154210
041 0 _aeng
110 2 _aScotland
_bScottish Government
_95344
245 0 4 _aAgricultural Holdings (Amendment) (Scotland) Bill [as introduced]
_h[electronic resource]
260 _aEdinburgh
_bScottish Parliamentary Corporate Body
_c2011
520 _aA Bill to amend legislation relating to succession to agricultural tenancies and the review or variation of rent under such tenancies.
590 _aKA
650 2 4 _aAGRICULTURAL HOLDINGS (AMENDMENT) (SCOTLAND) BILL 2011
650 2 4 _aAGRICULTURAL HOLDINGS (SCOTLAND) ACT 1991
650 2 4 _aAGRICULTURAL HOLDINGS (SCOTLAND) ACT 2003
651 4 _aScotland
_y1999-
690 _aENVIRONMENTAL AND LAND CONSULTANCY-AGRIBUSINESS-AGRICULTURE
856 4 0 _uhttps://www.scottish.parliament.uk/parliamentarybusiness/Bills/43317.aspx
_zView the Bill free of charge at www.scottish.parliament.uk
942 _n0
999 _c112886
_d112886